Regional Growth in Mexico. 1970-93

Salvato in:
Dettagli Bibliografici
Autore principale: Juan-Ramon, V. Hugo
Altri autori: Rivera-Batiz, Luis A.
Natura: Libro
Lingua:inglese
Pubblicazione: Washington International Monetary Fund 1996
Edizione:1. ed.
Serie:IMF Working Paper 92
Soggetti:
Tags: Aggiungi Tag
Nessun Tag, puoi essere il primo ad aggiungerne!!

MARC

LEADER 00000nam a2200000 4500
001 c017484
005 20221205125607.7
041 0 |a eng 
044 |a US 
245 1 0 |a Regional Growth in Mexico. 1970-93  |c V. Hugo Juan-Ramón, Luis A. Rivera-Batiz 
250 |a 1. ed. 
264 1 |a Washington  |b International Monetary Fund  |c 1996 
300 |a 23 s. 
490 1 |a IMF Working Paper  |v 92 
830 0 |a IMF Working Paper  |v 92 
610 2 0 |a rast mikroekonomický 
610 2 0 |a regióny 
610 2 0 |a vývoj regionálny 
610 2 0 |a rozvoj hospodársky 
610 2 0 |a rozvoj regionálny 
610 2 0 |a Mexiko 
610 2 0 |a 1970-1993 
100 1 |a Juan-Ramon, V. Hugo 
700 1 |a Rivera-Batiz, Luis A.